000 00376nam a22001577a 4500
005 20200530154702.0
008 200530b xxu||||| |||| 00| 0 eng d
041 _aeng
082 _a340
100 _aBARE ACT
_95744
245 _aTHE BOILERS ACT, 1923 (5- TO 1923)
260 _aDELHI
_bPROFESSIONALS BOOK PUBLISHERS
300 _a61;p
650 _aLAW
_95701
942 _cBK
999 _c6681
_d6679